| 000 | 00437nam a22001217a 4500 | ||
|---|---|---|---|
| 082 | _a200 THE | ||
| 100 |
_aMURAD ELAHI _969731 |
||
| 245 | _aTH-SOF-1514-ASSESSMENT OF CUSTOMER FOCUSED BUSINESS PARAMETERS IN RETAIL OUTLETS:A Customer Satisfaction Developmental Model | ||
| 260 |
_aIslamabad _bNUST College of EME _c2018 |
||
| 650 |
_a MS-EM-9 MSTHESIS _969389 |
||
| 700 |
_aSupervisor Dr. Syed Tasweer Hussain Shah _969732 |
||
| 942 | _cCF | ||
| 999 |
_c576880 _d576880 |
||